000 00580nam a22002057a 4500
005 20130628124149.0
010 _aENG-105655
020 _a9788120345539
_c450.00
035 _aEN-89188
037 _bDBAD/PUB
082 _a350
100 _aHenry, Nicholas
245 _aPublic administration and public affairs /
_cby Nicholas Henry
250 _a12th ed
260 _aNew Delhi
_bPHI learning
_c2012
270 _aM-97 Connaught Circus
_bNew Delhi
_e110001
300 _axiv,482p.
_b24cm (pbk)
500 _aincludes index
942 _2ddc
_cEN
_h350
_mHEN
999 _c69393
_d69393